| 000 | 00961cam a2200277 a 4500 | ||
|---|---|---|---|
| 001 | 2471155 | ||
| 003 | NUST - PNEC | ||
| 005 | 20170116181126.0 | ||
| 008 | 900621s1991 nyua b 001 0 eng | ||
| 010 | _a 90042291 | ||
| 020 | _a0070016798 | ||
| 040 | _cLIBRARY | ||
| 050 | 0 | 0 |
_aTL570 _b.A677 1991 |
| 082 | 0 | 0 |
_a629.1323 AND _220 |
| 100 | 1 |
_aAnderson, John D., _cJr. _q(John David), _d1937- |
|
| 245 | 1 | 0 |
_aFundamentals of aerodynamics / _cJohn D. Anderson, Jr. |
| 250 | _a2nd ed. | ||
| 260 |
_aNew York : _bMcGraw-Hill, _cc1991. |
||
| 300 |
_axix, 772 p. : _bill. ; _c25 cm. |
||
| 440 | 0 | _aMcGraw-Hill series in aeronautical and aerospace engineering | |
| 504 | _aIncludes bibliographical references (p. 761-763) and index. | ||
| 650 | 0 |
_aAerodynamics. _xME |
|
| 906 |
_a7 _bcbc _corignew _d1 _eocip _f19 _gy-gencatlg |
||
| 942 |
_2ddc _cBK |
||
| 999 |
_c69777 _d69777 |
||